Topological Riesz spaces and measure theory
Guardat en:
| Autor principal: | |
|---|---|
| Format: | Llibre |
| Idioma: | anglès |
| Publicat: |
Cambridge
Cambridge University
1974
|
| Matèries: | |
| Etiquetes: |
Afegir etiqueta
Sense etiquetes, Sigues el primer a etiquetar aquest registre!
|
MARC
| LEADER | 00000nam a2200000 a 4500 | ||
|---|---|---|---|
| 001 | UCP0562 | ||
| 003 | CL-VaPUC | ||
| 008 | 990313e19740000uk |||||||||||||||||eng|d | ||
| 082 | 0 | 4 | |a 515.7 |b FRE |2 21 |
| 100 | 0 | |a Fremlin, D. H |e author |9 425902 | |
| 245 | 1 | 0 | |a Topological Riesz spaces and measure theory |
| 300 | |a 266 p | ||
| 942 | |c BK | ||
| 945 | |d 19990313 00:00:00 |a crobeson | ||
| 260 | |a Cambridge |b Cambridge University |c 1974 | ||
| 650 | 0 | |a Análisis funcional |9 269993 | |
| 650 | 0 | |a Teoría de la medida |9 260231 | |
| 650 | 7 | |a ESPACIOS DE REISZ |2 CL-VaPUC |9 425903 | |
| 650 | 7 | |a REPRESENTACION DE FUNCIONES LINEALES |2 CL-VaPUC |9 425904 | |
| 650 | 0 | |a Anillos booleanos |9 425905 | |
| 650 | 7 | |a COMPACTICIDAD DEBIL |2 CL-VaPUC |9 425906 | |
| 583 | |a last modification |c 20130806 07:07:30 |k Rodrigo Vera | ||
| 999 | |c 279328 |d 279326 | ||
| 952 | |0 0 |1 0 |4 0 |6 515_700000000000000_FRE_1974 |7 0 |8 A |9 318388 |a BIBMAT |b BIBMAT |d 2019-11-20 |i 1324551 |o 515.7 FRE 1974 |p 1324551 |r 2025-01-07 |w 2019-11-20 |y BK |k MAT | ||